Ombudsman Services: Property (Record no. 120671)

MARC details
000 -LEADER
fixed length control field 01027cai a22002175a 4500
001 - CONTROL NUMBER
control field E144516
008 - FIXED-LENGTH DATA ELEMENTS--GENERAL INFORMATION
fixed length control field 080724u xxk g 000 0 eng d
035 ## - SYSTEM CONTROL NUMBER
System control number (Sirsi) u144516
041 0# - LANGUAGE CODE
Language code of text/sound track or separate title eng
110 2# - MAIN ENTRY--CORPORATE NAME
Corporate name or jurisdiction name as entry element Ombudsman Services
9 (RLIN) 6160
245 00 - TITLE STATEMENT
Title Ombudsman Services: Property
520 ## - SUMMARY, ETC.
Summary, etc. Web site of the Surveyors Ombudsman Service, which looks into complaints made against Chartered Surveying firms who are RICS members and have joined the Surveyors Ombudsman Service (SOS). Provides information on the complaints procedure and outlines how firms can join SOS.
590 ## - LOCAL NOTE (RLIN)
Local note KA
650 24 - SUBJECT ADDED ENTRY--TOPICAL TERM
Topical term or geographic name entry element SURVEYORS OMBUDSMAN SERVICE
650 24 - SUBJECT ADDED ENTRY--TOPICAL TERM
Topical term or geographic name entry element ALTERNATIVE DISPUTE RESOLUTION
650 24 - SUBJECT ADDED ENTRY--TOPICAL TERM
Topical term or geographic name entry element COMPLAINTS HANDLING PROCEDURES
651 #4 - SUBJECT ADDED ENTRY--GEOGRAPHIC NAME
Geographic name United Kingdom
Chronological subdivision 1973-
690 ## - LOCAL SUBJECT ADDED ENTRY--TOPICAL TERM (OCLC, RLIN)
Topical term or geographic name as entry element MANAGEMENT-BUSINESS MANAGEMENT-CUSTOMER RELATIONSHIP MANAGEMENT-COMPLAINTS HANDLING-SURVEYORS' OMBUDSMAN SCHEME
856 40 - ELECTRONIC LOCATION AND ACCESS
Uniform Resource Identifier <a href="https://www.ombudsman-services.org/property.html">https://www.ombudsman-services.org/property.html</a>
Public note View the web site free of charge at www.ombudsman-services.org...
942 ## - ADDED ENTRY ELEMENTS (KOHA)
Suppress in OPAC 0
Holdings
Withdrawn status Lost status Source of classification or shelving scheme Damaged status Not for loan Home library Current library Shelving location Date acquired Total Checkouts Full call number Barcode Date last seen Copy number Price effective from Koha item type
    Dewey Decimal Classification     Virtual Virtual Online 24/07/2008   WEBSITE 144516-2001 06/08/2019 1 06/08/2019 Online material